De sacramento poenitentiae cum examine generali ad confessionem de tota vita meditatione una pro communione.

Detalles Bibliográficos
Autor principal: BRUNO, Vicente
Formato: Libro
Publicado: Colonia 1590
Materias:
Colección:Banco de datos
Acervo:Biblioteca del Museo Regional de Querétaro. INAH. Querétaro
Tema general:Pastoral
Notas:Mala. 4P3, 19b.
LEADER 00715nam a22001930004500
035 |a 23314 
036 |a 1799 
100 1 |a BRUNO, Vicente 
245 1 0 |a De sacramento poenitentiae cum examine generali ad confessionem de tota vita meditatione una pro communione. 
260 |a Colonia  |b Arnold Mylio imp.  |c 1590 
500 |a Mala. 4P3, 19b. 
650 1 0 |a Pastoral 
949 |a C.R.Q. 
959 |a Ex convento Grande de San Francisco de la ciudad de Querétaro, Museo Regional de Querétaro  |b CCC2 
960 |a Convento Grande de San Francisco de la ciudad de Querétaro  |b DD68 
961 |a Franciscana  |b OF 
942 |c C.R.Q. 
943 |g Biblioteca del Museo Regional de Querétaro. INAH. Querétaro 
999 |c 979630  |d 979630